All Marble League Teams that Never Podiumed - Whammies! - Statistics

General Stats
  • This quiz has been taken 7 times
  • The average score is 8 of 16
Answer Stats
Highest Ranking Year Answer % Correct
10th 2017 Limers
86%
5th 2018 Balls of Chaos
71%
7th 2016 Jawbreakers
71%
13th 2021 Indigo Stars
57%
5th 2024 Jungle Jumpers
57%
None* - Purple Rockets
57%
5th 2023 Rojo Rollers
57%
16th 2023 Team Plasma
57%
9th 2024 Wolfpack
57%
16th* 2020 Hornets
43%
8th 2022 Team Primary
43%
None - Turtle Sliders
43%
7th 2021 Chocolatiers
29%
None* - Golden Orbs
29%
16th* 2017 Quicksilvers
29%
7th 2024 Solar Flares
29%
No matching quizzes found
Score Distribution
Percent of People with Each Score
Percentile by Number Answered
Your Score History
You have not taken this quiz